000 00288nam a2200109Ia 4500
008 220204s9999 xx 000 0 und d
082 _a678(06)
_bALG
100 _aAlger, Mark S M
245 0 _aClassified index of reviews in polymer science
260 _aEngland
_bRAPRA
_c1977
942 _cBK
999 _c34256
_d34256